| 000 | 00751cam a2200229 a 4500 | ||
|---|---|---|---|
| 001 | 000001623 | ||
| 003 | DO-SdBNP | ||
| 005 | 20211112135851.0 | ||
| 008 | 760217s1958 pr a 000 f spa | ||
| 040 |
_aDO-SdBNP _cBNPHU _bspa |
||
| 082 | 4 |
_aPR863.44 _bF674c _222 |
|
| 100 | 1 |
_aFonfrias, Ernesto Juan. _d1909- _95310 |
|
| 245 | 1 | 0 |
_aConversao en el batey; : _bhistoria de un jíbaro bragao. |
| 250 | _a2a ed. | ||
| 260 |
_aSan Juan Bautista, Puerto Rico, : _bClub de La Prensa, _c1958. |
||
| 300 |
_a301 p. : _bil. ; _c22 cm. |
||
| 650 | 4 |
_aNovela puertorriqueña _91185 |
|
| 650 | 4 |
_aLiteratura puertorriqueña _ySiglo XX _95311 |
|
| 650 | 4 |
_aLiteratura latinoaméricana _ySIGLO XX _9203 |
|
| 910 | _aCatalogación por copia / LC | ||
| 942 |
_2ddc _cLBS1 |
||
| 999 |
_c1514 _d1514 |
||